10 Najlepszych strzelców FC Barcelony - Statystyki

Ogólne statystyki
  • Ten quiz został rozwiązany 81 razy
  • Średni wynik to 3 z 10
Statystyki odpowiedzi
Gole Piłkarz % Poprawnych
672 Lionel Messi
100%
195 Luis Suarez
92%
130 Samuel Eto'o
50%
130 Rivaldo
33%
193 Laszlo Kubala
17%
122 Patrick Kluivert
15%
225 Cesar Rodriguez
7%
129 Mariano Martin
6%
122 Carles Rexach
3%
120 Josep Escola
3%
Nie znaleziono quizów pasujących do podanych kryteriów
Rozkład punktacji
Procent ludzi z każdym wynikiem
Percentyl według liczby udzielonych odpowiedzi
Twoja historia wyników
Nie rozwiązałeś tego quizu